000 00955cpcaa2200277 a 4500
001 mm 80005716
003 DLC
005 20260227111703.0
008 800204|||||||||||| eng
010 _amm 80005716
040 _aDLC
_cDLC
_edacs
_dDLC
072 7 _aL
_2lcmd
100 1 _aYoung, Ella,
_d1867-1956.
245 0 0 _aElla Young papers,
_fcirca 1902-1945.
300 _a43
_fitems.
506 0 _aOpen to research.
533 _aIn part, typewritten transcripts.
_b[S.l.].
545 0 _aPoet and author.
546 _aCollection material in English.
580 _aForms part of: Miscellaneous Manuscripts collection.
656 7 _aAuthors.
_2itoamc
656 7 _aPoets.
_2itoamc
999 _c42794
_d42794